[Event "Uljanovsk Sidorov Memorial"]
[Site "Uljanovsk"]
[Date "2014.07.19"]
[Round "7"]
[White "Dobrocmyslov, Artem"]
[Black "Krujkov, Yuri"]
[Result "1-0"]
[WhiteElo "1942"]
[BlackElo "2196"]
[PlyCount "115"]
[EventDate "2014.07.16"]
[EventType "swiss"]
[EventRounds "9"]
[EventCountry "RUS"]
[SourceTitle "CBM 161 Extra"]
[Source "ChessBase"]
[SourceDate "2014.08.29"]
[SourceVersion "1"]
[SourceVersionDate "2014.08.29"]
[SourceQuality "1"]

1. d4 e6 2. c4 Nf6 3. Nf3 d5 4. Nc3 c6 5. cxd5 exd5 6. Qc2 Be7 7. Bf4 Nbd7 8. e3 Nf8 9. Bd3 Ne6 10. Bg3 g6 11. 0-0 0-0 12. Rab1 Ng7 13. b4 b6 14. Ne2 Bb7 15. Ne5 Rc8 16. Qa4 Nd7 17. Qxa7 Nxe5 18. Bxe5 Qd7 19. Ba6 Rc7 20. Bxc7 Bxa6 21. Qxa6 Qxc7 22. Rfc1 Ne6 23. a4 Bd6 24. h3 Rb8 25. Rc2 Qd7 26. Rbc1 Nd8 27. b5 c5 28. dxc5 bxc5 29. Rxc5 Bxc5 30. Rxc5 Ne6 31. Rc1 d4 32. exd4 Nxd4 33. Nxd4 Qxd4 34. Rc8+ Rxc8 35. Qxc8+ Kg7 36. Qg4 Qb2 37. Qc4 Qa1+ 38. Kh2 Qf6 39. Kg1 Qa1+ 40. Kh2 Qf6 41. Qc2 Qe5+ 42. g3 Qd4 43. Kg2 h5 44. h4 Kh7 45. Qa2 Kg7 46. a5 g5 47. hxg5 h4 48. a6 Qe4+ 49. f3 h3+ 50. Kxh3 Qxf3 51. a7 Qh1+ 52. Kg4 Qe4+ 53. Kh3 Qh1+ 54. Qh2 Qf1+ 55. Kh4 f6 56. a8Q fxg5+ 57. Kxg5 Qf5+ 58. Kxf5 1-0

[Event "Uljanovsk Sidorov Memorial"]
[Site "Uljanovsk"]
[Date "2014.07.18"]
[Round "5"]
[White "Elkin, Alexander"]
[Black "Krujkov, Yuri"]
[Result "1/2-1/2"]
[WhiteElo "2187"]
[BlackElo "2196"]
[PlyCount "78"]
[EventDate "2014.07.16"]
[EventType "swiss"]
[EventRounds "9"]
[EventCountry "RUS"]
[SourceTitle "CBM 161 Extra"]
[Source "ChessBase"]
[SourceDate "2014.08.29"]
[SourceVersion "1"]
[SourceVersionDate "2014.08.29"]
[SourceQuality "1"]

1. b3 d5 2. e3 Nf6 3. Bb2 c6 4. f4 Bf5 5. Nf3 Nbd7 6. Be2 e6 7. 0-0 Qb6 8. a4 a5 9. Bd4 Bc5 10. Nc3 Ne4 11. Nxe4 dxe4 12. Bxc5 Qxc5 13. Nd4 h6 14. Rb1 Nf6 15. c3 0-0 16. Qe1 Qe7 17. Qh4 Nd5 18. Qf2 c5 19. Nb5 Rad8 20. g4 Bh7 21. Bc4 Kh8 22. Bxd5 Rxd5 23. Na3 f5 24. h3 fxg4 25. hxg4 g5 26. Qh2 gxf4 27. Rxf4 Rxf4 28. Qxf4 Rg5 29. Rf1 Bf5 30. Qe5+ Qg7 31. Qxg7+ Kxg7 32. Kh2 Bxg4 33. Rf2 Bf3 34. Nc4 Kf6 35. Nd6 Kg6 36. Kh3 Rh5+ 37. Kg3 Rg5+ 38. Kh3 Rh5+ 39. Kg3 Rg5+ 1/2-1/2

[Event "Uljanovsk Sidorov Memorial"]
[Site "Uljanovsk"]
[Date "2014.07.16"]
[Round "2"]
[White "Krujkov, Yuri"]
[Black "Nikitin, Dmitry"]
[Result "1-0"]
[WhiteElo "2196"]
[BlackElo "1849"]
[PlyCount "63"]
[EventDate "2014.07.16"]
[EventType "swiss"]
[EventRounds "9"]
[EventCountry "RUS"]
[SourceTitle "CBM 161 Extra"]
[Source "ChessBase"]
[SourceDate "2014.08.29"]
[SourceVersion "1"]
[SourceVersionDate "2014.08.29"]
[SourceQuality "1"]

1. Nf3 Nf6 2. b3 e6 3. Bb2 Be7 4. e3 b6 5. d4 Bb7 6. Bd3 d6 7. Nbd2 c5 8. 0-0 Nbd7 9. Qe2 Qc7 10. e4 cxd4 11. Nxd4 0-0 12. c4 Nc5 13. Bc2 Rfe8 14. b4 Ncd7 15. Bb3 a6 16. Rac1 Rad8 17. a3 Qb8 18. Rfe1 d5 19. e5 Ne4 20. cxd5 Nxd2 21. dxe6 Nxb3 22. exf7+ Kxf7 23. e6+ Kf8 24. Qh5 Qf4 25. Nf5 Qxf5 26. Qxf5+ Nf6 27. Bxf6 Bxf6 28. Rc7 Re7 29. Rxe7 Kxe7 30. Qc2 Rc8 31. Qxb3 Be5 32. Qd1 1-0